000 00465nam a2200193Ia 4500
008 240509s9999 xx 000 0 und d
020 _a0001557550433
041 _aEng
082 _a005.84
082 _bB86
100 _aBURGER, Ralf
245 0 _aComputer viruses : A high-tech disease
260 _bGrand Rapids, MI : Abacus
260 _c1988
300 _a276 p.
650 _aComputer Viruses :COMPUTER SECURITY :
942 _2ddc
942 _cLBK
999 _c22858
_d22858
945 _a1
_bMadushi Gamage
_c1
_dMadushi Gamage